Le chemineau (Record no. 168826)

MARC details
000 -LEADER
campo de control de longitud fija 00726nam a22002055i 4500
001 - NÚMERO DE CONTROL
campo de control 168826
003 - IDENTIFICADOR DE NÚMERO DE CONTROL
campo de control ES-MaACL
005 - FECHA Y HORA DE LA ÚLTIMA TRANSACCIÓN
campo de control 20251013212929.0
008 - DATOS DE LONGITUD FIJA--INFORMACIÓN GENERAL
campo de control de longitud fija 080612s1907 fr |||| | fre d
080 ## - NÚMERO DE LA CLASIFICACIÓN DECIMAL UNIVERSAL
Número de la Clasificación Decimal Universal 782.089.6
100 1# - ENTRADA PRINCIPAL--NOMBRE DE PERSONA
Nombre de persona Leroux, Xavier.
9 (RLIN) 71793
240 13 - TÍTULO UNIFORME
Título uniforme Le chemineau.
Medio Partitura de coro
245 13 - MENCIÓN DEL TÍTULO
Título Le chemineau
Resto del título : drame lyrique en quatre actes /
Mención de responsabilidad, etc. de Jean Richepin ; musique de Xavier Leroux.
260 ## - PUBLICACIÓN, DISTRIBUCIÓN, ETC.
Lugar de publicación, distribución, etc. Paris :
Nombre del editor, distribuidor, etc. Choudens,
Fecha de publicación, distribución, etc. [1907]
300 ## - DESCRIPCIÓN FÍSICA
Extensión 1 partitura de coro (91 p.) ;
Dimensiones 19 cm.
650 14 - PUNTO DE ACCESO ADICIONAL DE MATERIA--TÉRMINO DE MATERIA
Término de materia o nombre geográfico como elemento de entrada Óperas-
Subdivisión general Partituras de coro.
9 (RLIN) 137579
700 1# - ENTRADA AGREGADA--NOMBRE PERSONAL
Nombre de persona Richepin, Jean,
Fechas asociadas al nombre 1849-1926
9 (RLIN) 96950
852 4# - LOCALIZACIÓN
Ubicación ES-MaACL
Número de control de estantería E-12100
itemnumber R.140001
Nota libre Biblioteca Jacinto Martínez Lacalle
Holdings
Estatus retirado Estado de pérdida Estado de daño No para préstamo Biblioteca de origen Biblioteca actual Ubicación en estantería Fecha de adquisición Fuente de adquisición Total de préstamos Signatura topográfica completa Código de barras Visto por última vez Precio de reemplazo Tipo de ítem Koha
        Biblioteca del Ateneo de Madrid Biblioteca del Ateneo de Madrid Depósito 2 12/06/2008     E-12100 1177171 23/02/2023 23/02/2023 Libro impreso